| 000 | 00745cam a22002413a 4500 | ||
|---|---|---|---|
| 001 | 11896 | ||
| 003 | PGUSA | ||
| 005 | 20140828083242.0 | ||
| 008 | 040401s2004||||xxu|||||s|||||000 | eng d | ||
| 040 |
_aPGUSA _beng |
||
| 042 | _adc | ||
| 050 | 4 | _aQL | |
| 100 | 1 |
_aWright, Mabel Osgood, _d1859-1934 |
|
| 245 | 1 | 0 |
_aCitizen Bird : _bScenes from Bird-Life in Plain English for Beginners _h[electronic resource] / _cMabel Osgood Wright |
| 260 |
_bProject Gutenberg, _c2004 |
||
| 506 | _aPublic domain in the USA. | ||
| 516 | _aElectronic text | ||
| 653 | _aBirds -- Juvenile literature | ||
| 700 | 1 |
_aFuertes, Louis Agassiz, _d1874-1927 |
|
| 830 | 0 |
_aProject Gutenberg _v11896 |
|
| 856 | 4 | 0 | _uhttp://www.gutenberg.org/ebooks/11896 |
| 942 | _cEB | ||
| 999 |
_c241151 _d241151 |
||